01866nam a22002177a 450000500170000000800410001702000180005804000070007604100080008308200260009110000240011724500880014126000280022930000290025736500640028652010500035065000580140094200120145899900190147095201590148920240312122916.0240312b ||||| |||| 00| 0 eng d a9780873327855 cAL aeng 223a303.4840954bOMVR aGail Omvedt9153897 aReinventing revolutionb: new social movements and the socialist tradition in india aLondonbRoutledgec2019 axvii,353p.bPBc23x14cm. 2Generala8631b₹3762.00c₹d₹4703.00e20%f09/03/2024 aThis study describes and analyses the new social movements that have arisen in India over the past two decades, in particular the anti-caste movement (of both the untouchables and the lower-middle castes), the women's liberation movement, the farmers' movement (centred on struggles arising out of their integration into a state-controlled capitalist market), and the environmental movements (opposition to destructive development, including resistance to big dam projects and the search for alternatives). Rooted in participant observation, it focuses on the ideologies and self-understanding of the movements themselves. The central themes of this book are the origin of movements in the socio-economic contradictions of post-independence India; their effect on political developments, in particular the disintegration of Congress hegemony; their relation to "traditional Marxist" theory and Communist practice; and their groping toward a synthesis of theory and practice that constitutes a new social vision distinct from traditional Marxism. 2Social ProcessesaPurposefully induced change9153898 2ddccBK c230238d230238 00102ddc40708MAJMCaSACPGbSACPGd2024-03-12eBiblios Book Pointg3762.00l0o303.4840954 OMVRpPG024704r2024-03-12 00:00:00v4703.00w2024-03-12yBK